000 00653nam a2200241Ia 4500
003 OSt
005 20220924133455.0
006 a|||||r|||| 00| 0
007 ta
008 220923b |||||||| |||| 00| 0 ben d
020 _c90
024 _a265588
037 _bM/2008/28, 01/09/2008, Mukta Dhara
_cTextual
040 _aARTS
_cARTS
_bben
041 _2ben
_aben
082 _aY168wM80, 157P4
100 _aKeller Hellen
_9206561
245 0 _aAnvi sei meya
260 _c2004
650 _aSOCIOLOGY
942 _hY168wM80, 157P4
_cTEXL
_2CC
999 _c433957
_d433957